000 00357 a2200109 4500
001 ART_26065
005 20260410161936.0
008 260409a
245 1 0 _aEl Japón entre oriente y occidente
100 1 _aTagle, Manuel
773 0 _tAnales de la Academia Nacional de Ciencias Económicas
_g- Vol. XXXIII, (1988) (ene. 1988)
_wREV25596
999 _c29012
_d29012